00257 a2200109 4500001000700000020001600007040001100023100001800034240004600052245004100098300000800139182711 a858888603-0 cMagnum aJackson, Adam10aOs dez segredos da riqueza abundantelpor10aOs dez segredos da riqueza abundante a172